书目信息 |
| 题名: |
家电保养维修小百科
|
|
| 作者: | 铁源 主编 ;溪明 执笔 | |
| 分册: | ||
| 出版信息: | 北京 华龄出版社 1997 |
|
| 页数: | 33,505页 | |
| 开本: | 20cm | |
| 丛书名: | 现代家庭生活百科书系 | |
| 单 册: | ||
| 中图分类: | TM925.07 | |
| 科图分类: | ||
| 主题词: | 日用电气器具--维修 | |
| 电子资源: | ||
| ISBN: | 978-7-80082-673-3 | |
| 000 | 00751nam2 2200253 450 | |
| 001 | 0100596766 | |
| 005 | 20101202110214.0 | |
| 010 | @a978-7-80082-673-3@dCNY28.00 | |
| 100 | @a20021005d1997 em y0chiy0110 ea | |
| 101 | 0 | @achi |
| 102 | @aCN@b110000 | |
| 105 | @ay z 000yy | |
| 106 | @ar | |
| 200 | 1 | @a家电保养维修小百科@9Jia;Jie Dian Bao Yang Wei Xiu Xiao Bai;Bo Ke @f铁源主编@g溪明执笔@b专著 |
| 210 | @a北京@c华龄出版社@d1997 | |
| 215 | @a33,505页@d20cm | |
| 225 | 2 | @a现代家庭生活百科书系 |
| 410 | 0 | @12001 @a现代家庭生活百科书系 |
| 606 | 0 | @a日用电气器具@x维修 |
| 690 | @aTM925.07@v3 | |
| 701 | 0 | @a铁源@9tie yuan@4主编 |
| 702 | 0 | @a溪明@9xi ming@4执笔 |
| 801 | 0 | @aCN@bAiZhiMarc@c19971024 |
| 905 | @aBZT@dTM925.0@e1@f1@sTM925.0/1 | |
| 家电保养维修小百科/铁源主编/溪明执笔.-北京:华龄出版社,1997 |
| 33,505页;20cm.-(现代家庭生活百科书系) |
| ISBN 978-7-80082-673-3:CNY28.00 |
| ● |
| 相关链接 |
|
|
|
正题名:家电保养维修小百科
索取号:TM925.0/1
 
预约/预借
| 序号 | 登录号 | 条形码 | 馆藏地/架位号 | 状态 | 备注 |
| 1 | 2000116458 | 2000116458 | 旧书回溯/ [索取号:TM925.0/1] | 在馆 |